| 000 | 01011cam a22002651i 4500 | ||
|---|---|---|---|
| 003 | SA-RiAUC | ||
| 005 | 20250324120810.0 | ||
| 008 | 250321s2004____le g 000 0 ara c | ||
| 020 | _a9953181519 | ||
| 040 |
_aSA-JeALM _bara _cSA-RiAUC _erda |
||
| 082 | 0 | 4 |
_a081 _qSA-RiAUC |
| 090 |
_a081 _bس ف ر |
||
| 100 | 1 |
_aسفر، محمود محمد، _d1358-1444 هجري _eمؤلف. |
|
| 245 | 1 | 0 |
_aخواطر وتأملات في الناس والحياة / _cمحمود بن محمد سفر. |
| 250 | _aالطبعة الأولى. | ||
| 264 | 1 |
_aبيروت : _bدار النفائس، _c2004 |
|
| 300 |
_a263 صفحة ؛ _c20 سم |
||
| 336 |
_aنص _btxt _2rdacontent _3كتاب |
||
| 337 |
_aبدون وسيط _bn _2rdamedia |
||
| 338 |
_aمجلد _bnc _2rdacarrier |
||
| 500 | _aاهداء من المؤلف محمود بن محمد سفر بتاريخ 1426/6/20 هـ | ||
| 650 | 7 |
_aالمقالات العربية _yقرن 20 _2aucsh |
|
| 942 |
_2ddc _cBOOK _n0 |
||
| 949 |
_aSA-JeALM _d250321 _umohamedma123 _n1 |
||
| 999 |
_c6594 _d6594 |
||